Normal view
MARC view
- ادارة اعمال- سلوك تنظيمي
Entry Topical Term
001 - CONTROL NUMBER
- control field: 62274
003 - CONTROL NUMBER IDENTIFIER
- control field: JO-AjAnu
005 - DATE AND TIME OF LATEST TRANSACTION
- control field: 20230606084154.0
008 - FIXED-LENGTH DATA ELEMENTS
- fixed length control field: 230606|| aca||aabn | a|a d
040 ## - CATALOGING SOURCE
- Original cataloging agency: JO-AjAnu
- Transcribing agency: JO-AjAnu
150 ## - HEADING--TOPICAL TERM
- Topical term or geographic name entry element: ادارة اعمال- سلوك تنظيمي
670 ## - SOURCE DATA FOUND
- Source citation: Work cat.: (JO-AjAnu)31759: المغربي، كامل محمد , author 62273, السلوك التنظيمي: مفاهيم واسس سلوك الفرد والجماعة في التنظيم